000 00968nam a22002537a 4500
005 20230519080331.0
008 230519b ||||| |||| 00| 0 eng d
020 _a9789585402720
040 _aCO-BoUCM
_cDavid Moreno
_dDavid Moreno
041 _aspa
100 1 _aOtero Prada, Diego
_986360
245 1 3 _aLa teoría monetaria moderna-MMT y otras discusiones sobre Colombia :
_bLecturas sobre economía poskeynesiana /
_cDiego Otero Prada
260 _aBogotá (Colombia) :
_bEdiciones Aurora,
_c2023
300 _a142 páginas
650 1 _2Política monetaria
_xAspectos económicos
_zColombia
_9177504
650 1 _aTeoría monetaria
_zColombia
_9177505
650 1 _aEconomía colombiana
_ySiglo XXI
_9177506
650 1 _aDéficit
_912532
650 1 _aDeuda pública
_913113
650 1 _aTeoría keynesiana
_925322
650 1 _aEconomía keynesiana
_913699
942 _2DEWEY
_a7
_cLIBRO
_e1
_h332.401
_kC
_mO874t
_n0
999 _c322622
_d322622